|
|
|
|
| LEADER |
00000nab a2200000 a 4500 |
| 001 |
vtls001517323 |
| 003 |
SK-MaSNL |
| 005 |
20260304171931.0 |
| 008 |
141006c2004 xo 0 cze |
| 015 |
|
|
|a SNBCL2005/2
|
| 035 |
|
|
|a SLK030230
|
| 040 |
|
|
|a SLKCL
|b slo
|c SNKBUCL
|e AACR2
|
| 041 |
|
|
|a cze
|
| 044 |
|
|
|a xo
|c SK
|
| 080 |
|
|
|a 616.8:061.3
|2 1981
|
| 100 |
1 |
|
|a Ehler, Edvard
|u Neurologické oddelenie, Krajská nemocnica, Pardubice, ČR
|4 aut
|9 844858
|
| 245 |
1 |
0 |
|a VIII. kongres Evropské federace neurologických společností - EFNS 2004, Paříž
|c Edvard Ehler
|
| 611 |
1 |
7 |
|a Kongres Európskej federácie neurologických spoločností
|n 8.
|c Paríž, Francúzsko
|d 2004
|2 SNKBUCL
|9 1500951
|
| 650 |
0 |
7 |
|a kongresy
|2 MESH
|9 19200
|
| 650 |
0 |
7 |
|a spoločnosti lekárske
|2 MESH
|9 859117
|
| 650 |
0 |
7 |
|a neurológia
|2 MESH
|9 908
|
| 650 |
0 |
7 |
|a choroby nervového systému
|2 MESH
|9 24860
|
| 773 |
0 |
|
|t Neurológia pre prax
|g Roč. 5, č. 5 (2004), s. 296
|x 1335-9592
|
| 850 |
|
|
|a Slovenská lekárska knižnica v Bratislave
|a BA006
|
| 852 |
|
|
|a BA006
|b KIS3GCP
|b 000500000
|
| 999 |
|
|
|c 2995600
|d 2997530
|